00314nam a2200157Ia 4500008004000000041000800040082001200048100000600060245002600066260002300092300000700115650000800122650000900130650000900139650000800148210210b1947 xxu||||| |||| 00| 0 eng d aeng a520/209 a- aSky sets II: the moon aCambridgeb-c1947 a24 aSky asets amoon aII: